| 000 | 00502nam a2200169Ia 4500 | ||
|---|---|---|---|
| 008 | 090201s9999 xx 000 0 und d | ||
| 010 | _aKPL-50526 | ||
| 040 | _bमराठी | ||
| 041 | _aमराठी | ||
| 082 |
_a20459 _b50526 |
||
| 100 | _a सुधांशु | ||
| 245 |
_aभक्तिगिते _c सुधांशु |
||
| 260 |
_c2004 _bउत्कर्ष प्रकाशन |
||
| 300 |
_a75 _bमोठा |
||
| 600 | _aभक्तिगिते | ||
| 942 | _cBOOK | ||
| 999 |
_c220224 _d220224 |
||